[Event "Macieja Memorial"]
[Site "Warsaw POL"]
[Date "2024.07.08"]
[Round "7.7"]
[White "Zawadzka, Jolanta"]
[Black "Seemann, Jakub"]
[Result "0-1"]
[WhiteElo "2185"]
[BlackElo "2358"]
[EventDate "2024.07.08"]
[PlyCount "167"]

1.e4 c5 2.Nf3 d6 3.Bb5+ Nd7 4.O-O a6 5.Bxd7+ Bxd7 6.d4 cxd4 7.Qxd4 e5 8.Qd3 h6 
9.c4 Rc8 10.Nc3 Nf6 11.Be3 Qc7 12.b3 b5 13.Nd2 Be7 14.Rac1 Qb7 15.Rfd1 O-O 
16.f3 Rfd8 17.Bf2 b4 18.Nd5 Nxd5 19.cxd5 Bb5 20.Nc4 Bg5 21.Rc2 Bxc4 22.bxc4 a5 
23.c5 dxc5 24.Rxc5 Rxc5 25.Bxc5 Qc7 26.Bf2 Be7 27.Be3 a4 28.h3 Qb7 29.Qc2 b3 
30.axb3 axb3 31.Qb2 Bd6 32.Rd3 Rb8 33.Kh2 Qb5 34.Rd1 Qa4 35.Rb1 Kh7 36.Bd2 Qc4 
37.Bc3 f6 38.Qd2 Rc8 39.Bb2 Qc2 40.Qe1 Bb4 41.Qf1 Qd2 42.f4 exf4 43.e5 Rc2 
44.exf6 Rxb2 45.Rxb2 Qxb2 46.Qd3+ Kg8 47.d6 Qxf6 48.Qc4+ Kh7 49.Qxb4 b2 50.d7 
f3 51.Qe4+ Kg8 52.Qe8+ Kh7 53.Qe4+ g6 54.gxf3 Qd6+ 55.Kg2 Qd2+ 56.Kg3 Qxd7 
57.Qb4 Qc7+ 58.Kg2 Qc2+ 59.Kg3 Qc7+ 60.Kg2 Qe5 61.Qb7+ Qg7 62.Qb3 h5 63.h4 Qd4 
64.Kh3 Qd7+ 65.Kg3 Qd6+ 66.Kh3 Qe5 67.Qf7+ Kh6 68.Qf8+ Qg7 69.Qb4 Qd7+ 70.Kg3 
Qc7+ 71.Kh3 Qf7 72.Qd2+ Kh7 73.Qxb2 Qxf3+ 74.Kh2 Qf4+ 75.Kh3 Qg4+ 76.Kh2 Qxh4+ 
77.Kg2 Qg4+ 78.Kh2 Qf4+ 79.Kg2 Kh6 80.Qh8+ Kg5 81.Qd8+ Qf6 82.Qd2+ Qf4 83.Qd5+ 
Kh6 84.Qc6 0-1

[Event "Macieja Memorial"]
[Site "Warsaw POL"]
[Date "2024.07.08"]
[Round "7.8"]
[White "Sliwicki, Damian"]
[Black "Sengupta, Deep"]
[Result "1-0"]
[WhiteElo "2058"]
[BlackElo "2350"]
[EventDate "2024.07.08"]
[PlyCount "59"]

1.e4 c6 2.Nc3 d5 3.Nf3 Nf6 4.e5 Ne4 5.Ne2 Qb6 6.d4 e6 7.Ng3 c5 8.Bd3 cxd4 
9.Nxe4 dxe4 10.Bxe4 Bb4+ 11.Bd2 Nc6 12.O-O Bc5 13.b4 Be7 14.Rb1 Bd7 15.b5 Nd8 
16.Bb4 f5 17.exf6 Bxf6 18.a4 Nf7 19.Nd2 Rc8 20.Qe2 a5 21.bxa6 Qxa6 22.Qf3 Ng5 
23.Qh5+ g6 24.Bxg6+ Kd8 25.Bd3 Qxa4 26.Qh6 Rg8 27.Qxf6+ Kc7 28.Qe5+ Kd8 29.Kh1 
Qc6 30.Ne4 1-0

[Event "Macieja Memorial"]
[Site "Warsaw POL"]
[Date "2024.07.08"]
[Round "7.9"]
[White "Bogdanov, Egor"]
[Black "Ptaszynski, Szymon"]
[Result "1-0"]
[WhiteElo "2349"]
[BlackElo "1825"]
[EventDate "2024.07.08"]
[PlyCount "143"]

1.e4 c5 2.c3 e6 3.d4 d5 4.exd5 exd5 5.Nf3 Nf6 6.Be3 cxd4 7.Bxd4 Be7 8.Bb5+ Nc6 
9.O-O O-O 10.Be3 h6 11.Nbd2 Be6 12.Nb3 a6 13.Bxc6 bxc6 14.Bc5 Bxc5 15.Nxc5 Bg4 
16.h3 Bxf3 17.Qxf3 Qd6 18.b4 Nd7 19.Nb3 Ne5 20.Qg3 Nc4 21.Qxd6 Nxd6 22.Rfe1 
Rfe8 23.Na5 Nb5 24.c4 dxc4 25.Nxc4 Nd4 26.Na5 Nc2 27.Rxe8+ Rxe8 28.Rb1 Re4 
29.Nxc6 Rc4 30.Ne7+ Kf8 31.Nd5 Rd4 32.Rc1 Rxd5 33.Rxc2 Rd1+ 34.Kh2 Rb1 35.Rc8+ 
Ke7 36.Rc7+ Kf8 37.Ra7 Rxb4 38.Rxa6 Rb2 39.Kg3 g6 40.h4 h5 41.Kf3 Ke7 42.g3 Rc2 
43.a4 Rc3+ 44.Ke2 Ra3 45.a5 Ra2+ 46.Kf3 Ra3+ 47.Kg2 Ra2 48.Ra8 Kf6 49.a6 Ra3 
50.Kf1 Ke7 51.Ke2 Kf6 52.f3 Ke7 53.g4 Kf6 54.g5+ Kf5 55.Rf8 Rxa6 56.Rxf7+ Ke5 
57.Ke3 Ra3+ 58.Kf2 Ra2+ 59.Kg3 Ra6 60.Rf8 Re6 61.f4+ Ke4 62.Rf6 Re7 63.Rxg6 Ra7 
64.Re6+ Kf5 65.Re5+ Kg6 66.f5+ Kg7 67.Kf4 Ra1 68.Re7+ Kf8 69.f6 Ra4+ 70.Kf5 
Rxh4 71.Ra7 Rb4 72.Ra8+ 1-0

[Event "Macieja Memorial"]
[Site "Warsaw POL"]
[Date "2024.07.08"]
[Round "7.10"]
[White "Socko, Monika"]
[Black "Kazakouski, Valery"]
[Result "0-1"]
[WhiteElo "2288"]
[BlackElo "2599"]
[EventDate "2024.07.08"]
[PlyCount "161"]

1.d4 Nf6 2.Nf3 c5 3.d5 b5 4.g3 g6 5.e4 Nxe4 6.Bg2 Nd6 7.O-O Bg7 8.Re1 O-O 9.Nc3 
Bb7 10.Bg5 Bf6 11.Bxf6 exf6 12.a4 b4 13.Ne2 Na6 14.b3 Re8 15.Qd3 Kg7 16.Nf4 Qc7 
17.c4 bxc3 18.Qxc3 Qb6 19.Nd2 Qb4 20.Qc2 Rxe1+ 21.Rxe1 Re8 22.Rxe8 Nxe8 23.Nc4 
Qe1+ 24.Bf1 Nec7 25.d6 Ne6 26.Qe2 Qxe2 27.Nxe2 Nb4 28.f4 g5 29.Kf2 Ba6 30.Na5 
Nd3+ 31.Ke3 gxf4+ 32.gxf4 Ndxf4 33.Nxf4 Bxf1 34.Nd5 f5 35.Nc4 Bg2 36.Ne7 Kf6 
37.a5 f4+ 38.Kf2 Be4 39.Nd2 Bb7 40.Nc4 Nd4 41.Nd2 Ke6 42.Ng8 Kxd6 43.Nf6 h6 
44.Ng4 h5 45.Nf6 h4 46.Nh5 Ke5 47.Nc4+ Ke6 48.Nxf4+ Ke7 49.Nd3 Nxb3 50.h3 d5 
51.Ne3 d4 52.Nf5+ Ke6 53.Nxh4 Be4 54.Nf4+ Ke5 55.Ne2 c4 56.Nf3+ Bxf3 57.Kxf3 d3 
58.Nc3 Nxa5 59.h4 Nc6 60.h5 Kf6 61.Ke4 a6 62.Kd5 Ne5 63.h6 d2 64.h7 Ng6 65.Kxc4 
Kg7 66.Kd3 Kxh7 67.Kxd2 Kg7 68.Ke3 f5 69.Nd5 Kf7 70.Kd4 Ne7 71.Nc3 Ke6 72.Na4 
Kd6 73.Ke3 Nd5+ 74.Kd4 Ne7 75.Ke3 Nc6 76.Kf4 Nd4 77.Ke3 Ne6 78.Kf3 a5 79.Ke3 
Nc5 80.Nc3 Ne6 81.Na4 0-1

[Event "Macieja Memorial"]
[Site "Warsaw POL"]
[Date "2024.07.08"]
[Round "7.11"]
[White "Heberla, Bartlomiej"]
[Black "Bartel, Michal"]
[Result "0-1"]
[WhiteElo "2409"]
[BlackElo "2250"]
[EventDate "2024.07.08"]
[PlyCount "89"]

1.Nf3 d5 2.e3 Nf6 3.c4 c6 4.Nc3 e6 5.d4 Nbd7 6.Qc2 Bd6 7.Be2 O-O 8.O-O b6 9.e4 
dxe4 10.Nxe4 Nxe4 11.Qxe4 Bb7 12.Rd1 Re8 13.Bd3 Nf8 14.Bf4 Ng6 15.Bxd6 Qxd6 
16.Rac1 Rad8 17.c5 Qd5 18.Qxd5 exd5 19.Re1 Nf4 20.Bf1 Ne6 21.b4 Kf8 22.g3 Ra8 
23.Bh3 a5 24.Bxe6 Rxe6 25.Rxe6 fxe6 26.bxa5 Rxa5 27.cxb6 Rxa2 28.Rb1 Ke7 29.Ne5 
Rd2 30.Ra1 Rb2 31.Ra7 Rxb6 32.Nd3 Kd6 33.Nc5 Bc8 34.Rxg7 e5 35.Rxh7 exd4 36.Nd3 
Bf5 37.Rh6+ Kc7 38.Ne5 d3 39.Nxd3 Bxd3 40.h4 Be4 41.Kh2 Rb1 42.g4 d4 43.Re6 Bd5 
44.Re7+ Kd6 45.Re2 0-1

[Event "Macieja Memorial"]
[Site "Warsaw POL"]
[Date "2024.07.08"]
[Round "7.12"]
[White "Kicinski, Jacek"]
[Black "Pakleza, Zbigniew"]
[Result "0-1"]
[WhiteElo "1915"]
[BlackElo "2405"]
[EventDate "2024.07.08"]
[PlyCount "54"]

1.d4 d6 2.Nf3 Bg4 3.Bg5 h6 4.Bh4 c6 5.Nbd2 Nd7 6.e4 Ngf6 7.Bc4 d5 8.exd5 cxd5 
9.Bd3 e6 10.O-O Be7 11.c3 O-O 12.Re1 Qb6 13.Qb3 Rfe8 14.h3 Bf5 15.Bxf5 exf5 
16.Ne5 Nf8 17.Qxb6 axb6 18.a3 g5 19.Bg3 f4 20.Bh2 b5 21.h4 Ne6 22.hxg5 hxg5 
23.Ndf3 Kg7 24.Nd2 Rh8 25.f3 Rh7 26.g3 Rah8 27.Re2 fxg3 0-1

[Event "Macieja Memorial"]
[Site "Warsaw POL"]
[Date "2024.07.08"]
[Round "7.13"]
[White "Kanarek, Marcel"]
[Black "Kokoszczynski, Jan"]
[Result "0-1"]
[WhiteElo "2389"]
[BlackElo "2243"]
[EventDate "2024.07.08"]
[PlyCount "62"]

1.e4 c6 2.Nf3 d5 3.d3 g6 4.e5 f6 5.d4 Bg7 6.h3 fxe5 7.dxe5 c5 8.c4 d4 9.Bd3 Nc6 
10.Bf4 Nh6 11.Nbd2 O-O 12.Bh2 Bf5 13.Bxf5 Nxf5 14.Ne4 d3 15.O-O Nfd4 16.Nxc5 
Nxf3+ 17.gxf3 Nd4 18.Kg2 Qc8 19.Nxd3 Nxf3 20.Bg3 Qf5 21.Qe2 Rad8 22.Rad1 Nd4 
23.Qg4 Qf7 24.Rfe1 Qxc4 25.Re4 Qd5 26.Ne1 Qc6 27.Kh2 Nf5 28.Rxd8 Rxd8 29.Rc4 
Qd5 30.Rc7 Bxe5 31.Rc2 Bxg3+ 0-1

[Event "Macieja Memorial"]
[Site "Warsaw POL"]
[Date "2024.07.08"]
[Round "7.14"]
[White "Czernek, Tymon"]
[Black "Mis, Mieszko"]
[Result "0-1"]
[WhiteElo "2253"]
[BlackElo "2344"]
[EventDate "2024.07.08"]
[PlyCount "66"]

1.e4 d6 2.d4 Nf6 3.Nc3 c6 4.h3 e5 5.Nf3 Nbd7 6.Be2 Be7 7.O-O O-O 8.Be3 Re8 
9.Qd2 Qc7 10.Rad1 Bf8 11.d5 cxd5 12.exd5 a6 13.a4 Nc5 14.Bxc5 Qxc5 15.Ng5 Bf5 
16.Rfe1 h6 17.Nf3 Rac8 18.Rc1 Qb4 19.Rb1 Bh7 20.Red1 Qc5 21.Ne1 e4 22.Qe3 Qc7 
23.g3 Nd7 24.Ng2 Ne5 25.Nf4 Qd7 26.Kh2 g5 27.Nh5 Qe7 28.Nxe4 Bg7 29.Nc3 Bxc2 
30.Nxg7 Kxg7 31.Qd4 Bxb1 32.Rxb1 Qf6 33.Ne4 Nf3+ 0-1

[Event "Macieja Memorial"]
[Site "Warsaw POL"]
[Date "2024.07.08"]
[Round "7.15"]
[White "Kacprzak, Karol"]
[Black "Kaminski, Maciej"]
[Result "1-0"]
[WhiteElo "2308"]
[BlackElo "2019"]
[EventDate "2024.07.08"]
[PlyCount "85"]

1.e4 e5 2.Nf3 Nc6 3.Bb5 Bb4 4.O-O Nge7 5.c3 Ba5 6.d4 exd4 7.cxd4 d5 8.e5 Bg4 
9.h3 Bxf3 10.Qxf3 O-O 11.Be3 Bb6 12.Rd1 f6 13.exf6 Rxf6 14.Qg4 Rg6 15.Qh5 Qd7 
16.Bd3 Nxd4 17.Bxd4 Bxd4 18.Bxg6 hxg6 19.Qe2 c5 20.Nc3 Rf8 21.Rf1 Nf5 22.Qg4 
Bxc3 23.bxc3 Qd6 24.Rad1 d4 25.cxd4 cxd4 26.Qe4 b5 27.Rfe1 Rd8 28.Qe6+ Qxe6 
29.Rxe6 a5 30.Rxg6 d3 31.Rg5 Nd4 32.Kf1 Ne2 33.Rg3 Nf4 34.Rf3 g5 35.g3 Nxh3 
36.Rfxd3 Rc8 37.Rd8+ Rxd8 38.Rxd8+ Kf7 39.Kg2 g4 40.Rd5 b4 41.Rxa5 Kf6 42.f4 
Ke6 43.Rb5 1-0

[Event "Macieja Memorial"]
[Site "Warsaw POL"]
[Date "2024.07.08"]
[Round "7.16"]
[White "Szustakowski, Antoni"]
[Black "Nasuta, Grzegorz"]
[Result "1/2-1/2"]
[WhiteElo "2207"]
[BlackElo "2420"]
[EventDate "2024.07.08"]
[PlyCount "155"]

1.Nf3 d5 2.g3 c6 3.Bg2 Nf6 4.O-O Bg4 5.d4 e6 6.c4 Nbd7 7.Qb3 Qb6 8.cxd5 exd5 
9.Qe3+ Be7 10.Nc3 Qd8 11.Ne5 Nxe5 12.dxe5 Nd7 13.Qf4 Be6 14.Rd1 Qc7 15.e4 dxe4 
16.Nxe4 Qxe5 17.Rxd7 Qxf4 18.Rxe7+ Kxe7 19.Bxf4 Rad8 20.Nc5 Bc8 21.Re1+ Kf8 
22.Bc7 Rd4 23.Ne4 Be6 24.Bd6+ Kg8 25.Be5 Rd5 26.Ng5 Rd8 27.Nxe6 fxe6 28.Bc3 Kf7 
29.Bh3 Rhe8 30.Re4 Rd5 31.Ra4 a6 32.Rg4 g5 33.Re4 h5 34.Bf1 b5 35.Be2 Kg6 36.h4 
c5 37.a3 Kf5 38.Bf3 Kg6 39.hxg5 Rxg5 40.Kg2 Rf5 41.Re2 Kf7 42.Be4 Rg5 43.Bd2 
Rg7 44.Kh3 Rd8 45.Bf3 Rh8 46.Bc3 h4 47.Bxg7 Kxg7 48.gxh4 Kf6 49.h5 c4 50.Kh4 a5 
51.a4 b4 52.Rc2 Rc8 53.Be2 c3 54.bxc3 b3 55.Rb2 Rxc3 56.Bd1 Rc4+ 57.Kg3 Rxa4 
58.Rxb3 Rd4 59.Bg4 a4 60.Rb6 Re4 61.Ra6 Kg5 62.f3 Re1 63.Rxa4 Re3 64.Ra5+ Kf6 
65.Ra6 Kg5 66.Kf2 Rb3 67.Rxe6 Rb2+ 68.Re2 Rb4 69.Kg3 Rb5 70.Re5+ Rxe5 71.f4+ 
Kf6 72.fxe5+ Kxe5 73.Kh4 Kf6 74.Bf3 Kg7 75.Kg5 Kh8 76.h6 Kg8 77.Bd5+ Kh8 78.Kg6 1/2-1/2

[Event "Macieja Memorial"]
[Site "Warsaw POL"]
[Date "2024.07.08"]
[Round "7.17"]
[White "Rajlich, Iweta"]
[Black "Patil, Harshal"]
[Result "0-1"]
[WhiteElo "2379"]
[BlackElo "1995"]
[EventDate "2024.07.08"]
[PlyCount "48"]

1.Nf3 Nf6 2.g3 g6 3.Bg2 Bg7 4.O-O O-O 5.c4 c5 6.Nc3 d5 7.d3 d4 8.Nb1 Nc6 9.a3 
a5 10.e3 e5 11.exd4 exd4 12.Bf4 Bg4 13.h3 Bf5 14.g4 Bc8 15.Nbd2 Re8 16.Re1 Bd7 
17.Ng5 Qb6 18.Rxe8+ Rxe8 19.b3 h5 20.Nge4 hxg4 21.Nxf6+ Bxf6 22.hxg4 Be5 23.Qf3 
Qc7 24.Bxe5 Nxe5 0-1

[Event "Macieja Memorial"]
[Site "Warsaw POL"]
[Date "2024.07.08"]
[Round "7.18"]
[White "Krasenkow, Michal"]
[Black "Jedrusik, Adam"]
[Result "0-1"]
[WhiteElo "2376"]
[BlackElo "1998"]
[EventDate "2024.07.08"]
[PlyCount "65"]

1.d4 Nf6 2.c4 e6 3.Nf3 d5 4.g3 Bb4+ 5.Bd2 Be7 6.Bg2 O-O 7.O-O c6 8.Qb3 Nbd7 
9.Bg5 b6 10.a4 Ba6 11.Nbd2 c5 12.Ne5 Rc8 13.Nxd7 Qxd7 14.dxc5 Rxc5 15.cxd5 Nxd5 
16.Bxe7 Qxe7 17.Ne4 Rc7 18.Rfe1 Rfc8 19.a5 Bc4 20.Qa3 Qxa3 21.Rxa3 bxa5 22.Nd6 
Rb8 23.Nxc4 Rxc4 24.Rxa5 g6 25.Rxa7 Rxb2 26.e4 Nf6 27.e5 Ng4 28.f3 Rcc2 29.Bh1 
Nxe5 30.f4 Ng4 31.h3 Nf2 32.Bg2 Nd3 33.Be4 0-1

[Event "Macieja Memorial"]
[Site "Warsaw POL"]
[Date "2024.07.08"]
[Round "7.19"]
[White "Zatonskih, Anna"]
[Black "Zurkowski, Andrzej"]
[Result "1-0"]
[WhiteElo "2324"]
[BlackElo "1993"]
[EventDate "2024.07.08"]
[PlyCount "121"]

1.e4 d5 2.exd5 Qxd5 3.Nf3 Nf6 4.d4 Bg4 5.Be2 e6 6.h3 Bh5 7.O-O Be7 8.c4 Qd8 
9.Nc3 O-O 10.Be3 Nbd7 11.Qb3 b6 12.Rad1 Qc8 13.g4 Bg6 14.Ne5 Nxe5 15.dxe5 Nd7 
16.f4 Bc5 17.Nb5 Be4 18.Nd4 Rd8 19.Qc3 a5 20.a3 a4 21.Rd2 Nf8 22.Rfd1 Qb7 
23.Kh2 Rd7 24.Nb5 Bxe3 25.Qxe3 Rad8 26.Nc3 Bc6 27.Bd3 Rd4 28.Bc2 Rxd2+ 29.Rxd2 
Rxd2+ 30.Qxd2 Bh1 31.Bxa4 Qf3 32.Bd1 Qf1 33.Bc2 Bc6 34.Nd1 Qh1+ 35.Kg3 Qf1 
36.Kh2 Qxc4 37.Nf2 Qf1 38.Ne4 h5 39.Bd3 Qf3 40.Ng5 Qh1+ 41.Kg3 hxg4 42.hxg4 
Qg1+ 43.Kh4 Qh1+ 44.Kg3 Qg1+ 45.Kh4 f6 46.exf6 gxf6 47.Nh3 Qc5 48.Kg3 e5 49.Qf2 
exf4+ 50.Qxf4 Qe5 51.Nf2 Qd5 52.Be4 Qd7 53.Qxf6 Bxe4 54.Nxe4 Qe8 55.Qf4 Ng6 
56.Nf6+ Kf7 57.Nxe8+ Nxf4 58.Kxf4 Kxe8 59.Kf5 Kf7 60.a4 c5 61.b3 1-0

[Event "Macieja Memorial"]
[Site "Warsaw POL"]
[Date "2024.07.08"]
[Round "7.20"]
[White "Sanz Losada, Victoriano"]
[Black "Kacprzak, Kacper"]
[Result "0-1"]
[WhiteElo "1999"]
[BlackElo "2297"]
[EventDate "2024.07.08"]
[PlyCount "89"]

1.d4 Nf6 2.c4 e6 3.Nc3 Bb4 4.Qc2 d6 5.a3 Bxc3+ 6.Qxc3 O-O 7.Nf3 Qe7 8.h4 b6 
9.h5 h6 10.Rg1 Bb7 11.g4 Ne4 12.Qc2 f6 13.Nh4 Qf7 14.Ng6 Re8 15.f3 Ng5 16.Bg2 
c5 17.f4 Nh7 18.Bxb7 Qxb7 19.dxc5 dxc5 20.g5 hxg5 21.fxg5 fxg5 22.Ne5 Nc6 
23.Qe4 Na5 24.Qg6 Nc6 25.Ng4 Kh8 26.h6 Nd4 27.Bxg5 Rf8 28.O-O-O Qf7 29.hxg7+ 
Qxg7 30.Qxg7+ Kxg7 31.Be3 Nxe2+ 32.Kb1 Nxg1 33.Rxg1 Kf7 34.Bd2 Ke7 35.Bc3 Ng5 
36.Ne5 Rf5 37.Ng6+ Kf7 38.Nh4 Ne4 39.Nxf5 Nxc3+ 40.bxc3 exf5 41.Kc2 Rd8 42.Rh1 
Rd7 43.Rh7+ Ke6 44.Rh6+ Ke5 45.Rh5 0-1

[Event "Macieja Memorial"]
[Site "Warsaw POL"]
[Date "2024.07.08"]
[Round "7.21"]
[White "Sanz Wawer, Daniel"]
[Black "Adamski, Jan"]
[Result "1-0"]
[WhiteElo "2216"]
[BlackElo "1989"]
[EventDate "2024.07.08"]
[PlyCount "71"]

1.e4 c5 2.Nf3 a6 3.c3 g6 4.d4 cxd4 5.cxd4 d5 6.e5 Bg4 7.Be2 Nc6 8.O-O Bg7 9.Be3 
Bxf3 10.Bxf3 e6 11.Nc3 Nge7 12.Rc1 Nf5 13.Qd2 O-O 14.Na4 f6 15.Nc5 Qe7 16.exf6 
Bxf6 17.Rfe1 Qf7 18.Bg4 Rae8 19.Bxf5 exf5 20.Bh6 Rxe1+ 21.Rxe1 Re8 22.Rxe8+ 
Qxe8 23.Qe3 Kf7 24.Nxb7 Qe7 25.Qxe7+ Kxe7 26.Nc5 a5 27.Bd2 Bxd4 28.Nb3 Bxb2 
29.Nxa5 Nxa5 30.Bxa5 Ba3 31.Kf1 Kd6 32.Ke2 d4 33.Kd3 Kd5 34.Bb6 h5 35.Bxd4 Kc6 
36.Kc4 1-0

[Event "Macieja Memorial"]
[Site "Warsaw POL"]
[Date "2024.07.08"]
[Round "7.23"]
[White "Mulawa, Cyprian"]
[Black "Smetek, Michal"]
[Result "0-1"]
[WhiteElo "2178"]
[BlackElo "1979"]
[EventDate "2024.07.08"]
[PlyCount "82"]

1.Nf3 d5 2.e3 Nf6 3.c4 c6 4.Nc3 e6 5.b3 Bd6 6.Bb2 O-O 7.Qc2 Nbd7 8.Rg1 e5 
9.cxd5 cxd5 10.Nb5 Bb8 11.Rc1 e4 12.Nfd4 Bxh2 13.Rh1 Be5 14.Nc7 Rb8 15.Ba3 Nb6 
16.Bxf8 Qxf8 17.Ncb5 a6 18.Nc3 Bd7 19.Be2 Rc8 20.Qb2 Bd6 21.Nb1 Re8 22.a3 Qe7 
23.b4 Na4 24.Qb3 b5 25.Nc3 Nb6 26.Kd1 Nc4 27.Kc2 Rc8 28.Bxc4 bxc4 29.Qb2 Rb8 
30.f3 a5 31.Rb1 axb4 32.axb4 Rxb4 33.Qa2 g6 34.Rxb4 Bxb4 35.Nxd5 Nxd5 36.Qa8+ 
Be8 37.Qxd5 Qa7 38.Rb1 Qa2+ 39.Rb2 Ba4+ 40.Kc1 Qa1+ 41.Rb1 Ba3# 0-1

[Event "Macieja Memorial"]
[Site "Warsaw POL"]
[Date "2024.07.08"]
[Round "7.24"]
[White "Mickiewicz, Piotr"]
[Black "Staroszczyk, Mateusz"]
[Result "1-0"]
[WhiteElo "2168"]
[BlackElo "1933"]
[EventDate "2024.07.08"]
[PlyCount "63"]

1.e4 c5 2.Nf3 e6 3.d4 cxd4 4.Nxd4 a6 5.Bd3 Bc5 6.Nb3 Ba7 7.Qe2 d6 8.Be3 Ne7 
9.N1d2 Nbc6 10.f4 O-O 11.c3 b5 12.O-O Bb7 13.Bxa7 Rxa7 14.Qe3 Ba8 15.a4 Rb7 
16.axb5 axb5 17.Ra6 Rb8 18.Rfa1 Bb7 19.R6a2 b4 20.c4 f5 21.exf5 exf5 22.Nf3 Rf6 
23.Re1 Rg6 24.g3 Qc7 25.Nbd4 Nxd4 26.Nxd4 Nc6 27.Nxf5 Rf8 28.Be4 Nd8 29.Bxb7 
Rxf5 30.Qe8+ Rf8 31.Bd5+ Nf7 32.Ra8 1-0

[Event "Macieja Memorial"]
[Site "Warsaw POL"]
[Date "2024.07.08"]
[Round "7.25"]
[White "Rekuc, Patryk"]
[Black "Barwinska, Ewa"]
[Result "0-1"]
[WhiteElo "2131"]
[BlackElo "1927"]
[EventDate "2024.07.08"]
[PlyCount "66"]

1.d4 Nf6 2.c4 e6 3.Nf3 c5 4.e3 cxd4 5.exd4 d5 6.b3 Nc6 7.Bb2 Be7 8.Bd3 O-O 
9.O-O h6 10.Nbd2 b6 11.Rc1 Bb7 12.Qe2 Rc8 13.Rfd1 dxc4 14.bxc4 Qd7 15.Nb3 Rfd8 
16.Ne5 Qe8 17.Ng4 Nxg4 18.Qxg4 f5 19.Qe2 Bg5 20.Ra1 Qg6 21.g3 Nb4 22.Bb1 Ba6 
23.Qe1 Be7 24.c5 bxc5 25.dxc5 Rxd1 26.Qxd1 Bxc5 27.Nxc5 Rxc5 28.Qd4 Rd5 29.Qxb4 
Rd1+ 30.Kg2 Bf1+ 31.Kf3 Qh5+ 32.Ke3 Qe2+ 33.Kf4 g5# 0-1

[Event "Macieja Memorial"]
[Site "Warsaw POL"]
[Date "2024.07.08"]
[Round "7.26"]
[White "Gbiorczyk, Mikolaj"]
[Black "Mizzi, Jack"]
[Result "1-0"]
[WhiteElo "1967"]
[BlackElo "2127"]
[EventDate "2024.07.08"]
[PlyCount "121"]

1.e4 e5 2.Nf3 Nc6 3.Nc3 Nf6 4.g3 Bc5 5.Bg2 d6 6.O-O O-O 7.d3 h6 8.h3 Be6 9.Kh2 
d5 10.exd5 Nxd5 11.Qe2 f6 12.Nxd5 Bxd5 13.Be3 Nd4 14.Bxd4 exd4 15.Nh4 Bxg2 
16.Nxg2 Qd7 17.Rae1 Rae8 18.Qh5 Bd6 19.Nh4 Qf7 20.Qb5 c6 21.Qa4 Bc5 22.Nf3 Qd5 
23.Qb3 Qxb3 24.axb3 Kf7 25.Kg2 g6 26.Nd2 Be7 27.Nc4 b5 28.Na5 c5 29.Nc6 Bd6 
30.Nxa7 b4 31.Nc6 Bc7 32.Kf3 Re6 33.Rxe6 Kxe6 34.Ra1 Kd7 35.Ra6 f5 36.Na5 Bd6 
37.Nc4 Rf6 38.h4 g5 39.h5 g4+ 40.Kg2 Re6 41.Ra7+ Bc7 42.Kf1 Kc8 43.Ra8+ Kb7 
44.Rh8 Rf6 45.Nd2 f4 46.Ne4 Rf5 47.Rh7 Kc6 48.gxf4 Bxf4 49.Kg2 Bc1 50.Kg3 Bxb2 
51.Rxh6+ Kc7 52.Rh7+ Kd8 53.Kxg4 Re5 54.Nd6 Re1 55.f4 Bc1 56.f5 Rg1+ 57.Kf3 
Rf1+ 58.Ke4 Bf4 59.Kd5 Bxd6 60.Kxd6 Rxf5 61.Rh8+ 1-0

[Event "Macieja Memorial"]
[Site "Warsaw POL"]
[Date "2024.07.08"]
[Round "7.27"]
[White "Skurniak, Szymon"]
[Black "Tsiapko, Andrii"]
[Result "0-1"]
[WhiteElo "2107"]
[BlackElo "1930"]
[EventDate "2024.07.08"]
[PlyCount "98"]

1.e4 c5 2.b3 Nc6 3.Bb2 e5 4.Bc4 d6 5.Nc3 Nf6 6.Nge2 Be7 7.O-O O-O 8.h3 Be6 9.d3 
Nd4 10.f4 Nxe2+ 11.Nxe2 exf4 12.Bxe6 fxe6 13.Nxf4 Qd7 14.e5 Nd5 15.Nxd5 exd5 
16.Qh5 d4 17.Rae1 dxe5 18.Qxe5 Bd6 19.Qd5+ Kh8 20.Rxf8+ Rxf8 21.Qe6 Qc7 22.b4 
Bg3 23.Qe7 Qf4 24.Qe2 Bf2+ 25.Kh1 Bxe1 26.Qxe1 Qf1+ 27.Qxf1 Rxf1+ 28.Kh2 cxb4 
29.Bxd4 Rc1 30.Bxa7 Rxc2 31.d4 Rxa2 32.d5 Rd2 33.Bc5 b3 34.d6 b2 35.Bb4 Rxd6 
36.Bxd6 b1=Q 37.h4 Qd3 38.Bf4 b5 39.h5 h6 40.g3 Qe2+ 41.Kh3 Qxh5+ 42.Kg2 Qe2+ 
43.Kh3 b4 44.Kh4 g5+ 45.Kh3 gxf4 46.Kh4 Qh2+ 47.Kg4 Qxg3+ 48.Kf5 f3 49.Ke6 f2 0-1

[Event "Macieja Memorial"]
[Site "Warsaw POL"]
[Date "2024.07.08"]
[Round "7.28"]
[White "Syrkiewicz, Michal"]
[Black "Padalka, Artem"]
[Result "0-1"]
[WhiteElo "1930"]
[BlackElo "2101"]
[EventDate "2024.07.08"]
[PlyCount "86"]

1.e4 c5 2.Nf3 d6 3.d4 cxd4 4.Nxd4 Nf6 5.Nc3 g6 6.Be3 Bg7 7.f3 Nc6 8.Qd2 O-O 
9.g4 Be6 10.Nxe6 fxe6 11.O-O-O Ne5 12.Be2 Rc8 13.Nb5 a6 14.Nd4 Qd7 15.Kb1 Nc4 
16.Bxc4 Rxc4 17.Qd3 Rfc8 18.c3 b5 19.h4 e5 20.Nc2 h5 21.gxh5 Nxh5 22.Rhg1 Kh7 
23.Bc1 Rf8 24.Qf1 Rcc8 25.Qg2 Qe6 26.Ne3 Rf7 27.Nd5 Rcf8 28.Rdf1 Bh6 29.Bxh6 
Kxh6 30.Nc7 Qf6 31.Nxa6 Nf4 32.Qg5+ Qxg5 33.hxg5+ Kg7 34.Nc7 Rb8 35.Rh1 Rff8 
36.Rh6 Rfc8 37.Nd5 Nxd5 38.exd5 Rh8 39.Rfh1 Rxh6 40.gxh6+ Kh7 41.Kc2 Rf8 42.Rh3 
g5 43.b3 Rf4 0-1

[Event "Macieja Memorial"]
[Site "Warsaw POL"]
[Date "2024.07.08"]
[Round "7.29"]
[White "Goraj, Barbara"]
[Black "Pancewicz, Szymon"]
[Result "1/2-1/2"]
[WhiteElo "2095"]
[BlackElo "1896"]
[EventDate "2024.07.08"]
[PlyCount "68"]

1.Nf3 Nf6 2.c4 e6 3.g3 d5 4.Bg2 Be7 5.O-O O-O 6.b3 b6 7.Bb2 Bb7 8.e3 c5 9.Nc3 
Nc6 10.cxd5 Nxd5 11.Nxd5 Qxd5 12.d4 Rad8 13.Ne5 Qd6 14.dxc5 Qxc5 15.Qe2 Nxe5 
16.Bxb7 Bf6 17.Bd4 Qa5 18.Rac1 Nd7 19.Bxf6 Nxf6 20.Rfd1 Nd5 21.Bxd5 Rxd5 
22.Rxd5 Qxd5 23.Rd1 Qc6 24.Qd3 g6 25.Qd7 Qc2 26.Rd2 Qc1+ 27.Kg2 Rc8 28.h4 h5 
29.Qd4 Qc6+ 30.e4 Qc5 31.Qxc5 Rxc5 32.Kf3 Kg7 33.Rd7 Ra5 34.a4 b5 1/2-1/2

[Event "Macieja Memorial"]
[Site "Warsaw POL"]
[Date "2024.07.08"]
[Round "7.30"]
[White "Ashwath, Kaushik"]
[Black "Szczotka, Klara"]
[Result "1-0"]
[WhiteElo "1881"]
[BlackElo "2093"]
[EventDate "2024.07.08"]
[PlyCount "75"]

1.e4 c6 2.Nc3 d5 3.Nf3 Bg4 4.h3 Bxf3 5.Qxf3 e6 6.d3 Nd7 7.Bd2 Bc5 8.O-O-O Ne7 
9.g4 b5 10.exd5 exd5 11.Re1 O-O 12.g5 b4 13.Na4 Bd6 14.h4 Qa5 15.b3 Nb6 16.Bf4 
Bxf4+ 17.Qxf4 Nxa4 18.bxa4 Ng6 19.Qd2 Rfe8 20.h5 Ne5 21.Rh3 Qxa4 22.Kb1 Re6 
23.Rhe3 Rae8 24.Qc1 Nd7 25.Rxe6 fxe6 26.Bh3 Nc5 27.Qb2 Qb5 28.Qe5 Qb7 29.h6 Qf7 
30.f4 Nd7 31.Qd6 Nf8 32.hxg7 Qxg7 33.Bxe6+ Nxe6 34.Rxe6 Rf8 35.Qxc6 Qd4 36.Re7 
Rxf4 37.Qe6+ Kf8 38.Re8+ 1-0

[Event "Macieja Memorial"]
[Site "Warsaw POL"]
[Date "2024.07.08"]
[Round "7.31"]
[White "Nesterenko, Kyrylo"]
[Black "Koseski, Damian"]
[Result "1-0"]
[WhiteElo "2091"]
[BlackElo "1846"]
[EventDate "2024.07.08"]
[PlyCount "59"]

1.d4 Nf6 2.Nf3 g6 3.Bf4 Bg7 4.e3 d5 5.c4 c6 6.cxd5 cxd5 7.Nc3 Nc6 8.Be2 O-O 
9.h3 Qb6 10.a3 Bd7 11.O-O Rac8 12.Na4 Qa5 13.b4 Qd8 14.Qb3 a6 15.Nc5 Qb6 
16.Nxd7 Nxd7 17.Qxd5 Rfd8 18.Qb3 e5 19.Bg5 Rf8 20.d5 Na5 21.Qa4 Nc4 22.Bxc4 
Rxc4 23.Qxd7 e4 24.Nd4 Bxd4 25.exd4 Qxd4 26.Rad1 Qb2 27.Qxb7 f6 28.Be3 f5 29.d6 
f4 30.Qd5+ 1-0

[Event "Macieja Memorial"]
[Site "Warsaw POL"]
[Date "2024.07.08"]
[Round "7.32"]
[White "Kowalski, Witold"]
[Black "Terkiewicz, Bruno"]
[Result "0-1"]
[WhiteElo "1867"]
[BlackElo "2084"]
[EventDate "2024.07.08"]
[PlyCount "124"]

1.e4 c6 2.d4 d5 3.f3 e6 4.Nc3 Bb4 5.a3 Ba5 6.e5 Bxc3+ 7.bxc3 Ne7 8.a4 Qa5 9.Qd2 
c5 10.f4 Nbc6 11.Nf3 Bd7 12.Be2 c4 13.Ba3 O-O-O 14.O-O h6 15.Rfb1 Ng6 16.Bd6 a6 
17.Ra3 Rde8 18.Qc1 Na7 19.Qb2 Bc6 20.g3 Qd8 21.Bc5 Kb8 22.Qb4 Ka8 23.Ra2 Rhg8 
24.Rab2 Ne7 25.Bb6 Qd7 26.Bxa7 Kxa7 27.Qb6+ Ka8 28.a5 Nc8 29.Qc5 Qe7 30.Qxe7 
Nxe7 31.Kf2 g5 32.Rb4 gxf4 33.gxf4 Nf5 34.Rg1 Rxg1 35.Kxg1 Rg8+ 36.Kf2 Kb8 
37.Rb1 Kc7 38.Rg1 Rxg1 39.Nxg1 Ba4 40.Bd1 Kc6 41.Kf3 Kb5 42.Kg4 Kxa5 43.Nf3 Be8 
44.Nh4 Nxh4 45.Kxh4 Kb6 46.Kh5 a5 47.Kxh6 a4 48.Kg7 a3 49.h4 a2 50.Kf8 a1=Q 
51.Kxe8 Qxd1 52.Kxf7 Qxc2 53.Kxe6 Qxc3 54.Kxd5 Qd3 55.e6 c3 56.e7 Qf3+ 57.Ke6 
Qc6+ 58.Kf7 Qd5+ 59.Kf8 Qf5+ 60.Kg7 Qe6 61.Kf8 Qf6+ 62.Ke8 c2 0-1

[Event "Macieja Memorial"]
[Site "Warsaw POL"]
[Date "2024.07.08"]
[Round "7.33"]
[White "Hury, Tymoteusz"]
[Black "Zebracki, Tomasz"]
[Result "1-0"]
[WhiteElo "1846"]
[BlackElo "2048"]
[EventDate "2024.07.08"]
[PlyCount "130"]

1.g3 d5 2.Bg2 c6 3.c3 Nf6 4.d4 Bf5 5.Nf3 Nbd7 6.O-O h6 7.Nbd2 e6 8.Ne5 Nxe5 
9.dxe5 Nd7 10.Nf3 Qc7 11.c4 Nxe5 12.Nxe5 Qxe5 13.Bf4 Qf6 14.Qb3 Qe7 15.Rfe1 Qb4 
16.cxd5 Qxb3 17.axb3 exd5 18.e4 dxe4 19.Bxe4 Be6 20.Bf5 Be7 21.Bxe6 fxe6 
22.Rxe6 Kf7 23.Rae1 Rhe8 24.R6e3 Rad8 25.Be5 Kg8 26.Bxg7 Kf7 27.Bxh6 Bf6 
28.Rxe8 Rxe8 29.Rxe8 Kxe8 30.Be3 Bxb2 31.Bxa7 Kd7 32.Bc5 Ke6 33.Kf1 Kd5 34.b4 
Kc4 35.h4 Kb5 36.g4 b6 37.Be7 c5 38.bxc5 bxc5 39.g5 c4 40.Ke2 Ka4 41.Bf6 Kb3 
42.Bxb2 Kxb2 43.h5 c3 44.h6 c2 45.h7 c1=Q 46.h8=Q+ Kb3 47.Qb8+ Ka4 48.Qa7+ Kb5 
49.Qb7+ Ka5 50.Qd5+ Kb6 51.Qd4+ Kc7 52.f4 Qc2+ 53.Kf3 Qb3+ 54.Kg4 Qe6+ 55.f5 
Qe2+ 56.Kf4 Qf1+ 57.Ke5 Qe2+ 58.Kf6 Qf3 59.Qe5+ Kd7 60.Qe7+ Kc8 61.g6 Qc3+ 
62.Qe5 Qf3 63.g7 Qg4 64.Qe8+ Kc7 65.g8=Q Qh4+ 1-0